| 000 | 00366 a2200133 4500 | ||
|---|---|---|---|
| 001 | 93014 | ||
| 082 | _aPR 2376 | ||
| 090 |
_c44651 _d44652 |
||
| 100 | _aAbdullah, Prof Khalid (Advisor) | ||
| 245 |
_aInstructional Software for Signals and Systems Course AV-251 _n60 'B' EC |
||
| 260 |
_a Islamabad _b NUST _c2005 |
||
| 300 | _aix,144p. | ||
| 500 | _aBE Project Report | ||
| 942 |
_aCAE NUST _kPR 2376 |
||
| 999 |
_c328087 _d328087 |
||